| 000 | 00360nam a22001457a 4500 | ||
|---|---|---|---|
| 020 | _qPB. | ||
| 040 | _cFIZZA ISHAQ | ||
| 082 |
_a005.8 _bWIL |
||
| 100 |
_aBROWN,LAWRIE STALLING WILLIAM. _989344 |
||
| 245 |
_aCOMPUTER SECURITY / _cWILLIAM STALLING LAWRIE BROWN. |
||
| 250 | _a4th ED. | ||
| 260 |
_aPEARSON ; _c2018. |
||
| 300 | _a800 P. ; | ||
| 942 |
_2ddc _cBK |
||
| 999 |
_c588111 _d588111 |
||